[Event "Festival A"]
[Site "Formia ITA"]
[Date "1994.07.18"]
[Round "3"]
[White "Contin, Daniel"]
[Black "Gagliardi, Pietro"]
[Result "1-0"]
[WhiteElo "2425"]
[BlackElo "2195"]
[PlyCount "43"]
[EventDate "1994.07.16"]

1. c4 c5 2. Nc3 Nc6 3. Nf3 e6 4. g3 Nf6 5. Bg2 d5 6. cxd5 exd5 7. d4 cxd4 8.
Nxd4 Be6 9. O-O Be7 10. Nxe6 fxe6 11. Qb3 Na5 12. Qa4+ Kf7 13. e4 d4 14. e5
dxc3 15. exf6 Bxf6 16. Rd1 Qe8 17. Qxa5 cxb2 18. Bxb2 Bxb2 19. Rab1 Bf6 20.
Rxb7+ Kg6 21. Rdd7 Rd8 22. g4 1-0

[Event "Festival A"]
[Site "Formia ITA"]
[Date "1994.07.18"]
[Round "3"]
[White "Della Ragione, Achille"]
[Black "Liguori, Renato"]
[Result "1-0"]
[WhiteElo "2040"]
[BlackElo "1888"]
[PlyCount "91"]
[EventDate "1994.07.16"]

1. c4 Nf6 2. Nc3 g6 3. g3 Bg7 4. Bg2 O-O 5. d3 d6 6. e4 e5 7. Nge2 Bg4 8. h3
Bxe2 9. Nxe2 Nc6 10. O-O Rb8 11. f4 exf4 12. gxf4 Qe8 13. Nc3 Nd4 14. Be3 Nh5
15. Kh2 f5 16. Rb1 c6 17. Ne2 Ne6 18. Bf3 Nhxf4 19. Nxf4 Be5 20. Qd2 fxe4 21.
Bg4 g5 22. Bxe6+ Qxe6 23. Rg1 h6 24. d4 Bxf4+ 25. Bxf4 Kh8 26. d5 Qe7 27. Qd4+
Kh7 28. Bg3 c5 29. Qd1 Rf3 30. Qe2 h5 31. Rbe1 Re8 32. Qxf3 exf3 33. Rxe7+ Rxe7
34. Bxd6 Re2+ 35. Kg3 f2 36. Rf1 Rxb2 37. Rxf2 Rb4 38. Rc2 b6 39. Be7 Kg6 40.
d6 Kf7 41. Bxg5 Ke6 42. Bf4 b5 43. Re2+ Kd7 44. Re7+ Kd8 45. Rxa7 h4+ 46. Kf3
1-0

[Event "Festival A"]
[Site "Formia ITA"]
[Date "1994.07.18"]
[Round "3"]
[White "Dizdarevic, Emir"]
[Black "Sedina, Elena"]
[Result "1-0"]
[WhiteElo "2495"]
[BlackElo "2335"]
[PlyCount "85"]
[EventDate "1994.07.16"]

1. Nf3 Nf6 2. g3 d5 3. Bg2 c6 4. O-O Bf5 5. d3 h6 6. c4 e6 7. Nc3 dxc4 8. dxc4
Qxd1 9. Rxd1 Nbd7 10. Nd4 Bg6 11. h3 Be7 12. Be3 O-O 13. Na4 Rfd8 14. Nb3 Ne5
15. Rdc1 Rac8 16. Bxa7 Ra8 17. Bc5 Rxa4 18. Bxe7 Rda8 19. f4 Ned7 20. Bxf6 Nxf6
21. a3 Kf8 22. Rc3 Ke7 23. Re1 Nd7 24. e4 f6 25. Kf2 e5 26. h4 Bf7 27. Bf1 b6
28. Rd1 R4a7 29. Bh3 Rd8 30. Ke3 Ra4 31. Rcd3 Ra7 32. fxe5 fxe5 33. Nd2 Be6 34.
Bxe6 Kxe6 35. Nf3 Raa8 36. Rd6+ Ke7 37. Rxc6 Rac8 38. Rg6 Kf7 39. Rgd6 Ke7 40.
b3 Ra8 41. h5 Rxa3 42. R1d3 Raa8 43. Nh4 1-0

[Event "Festival A"]
[Site "Formia ITA"]
[Date "1994.07.18"]
[Round "3"]
[White "Foisor, Cristina-Adela"]
[Black "Djuric, Stefan"]
[Result "0-1"]
[WhiteElo "2405"]
[BlackElo "2485"]
[PlyCount "70"]
[EventDate "1994.07.16"]

1. c4 c5 2. g3 g6 3. Bg2 Bg7 4. Nc3 Nc6 5. Nf3 d6 6. O-O Nh6 7. a3 a5 8. d3 Nf5
9. e3 O-O 10. Rb1 e6 11. Ne1 Nfe7 12. Nc2 d5 13. Na4 b6 14. b3 Ra7 15. Bb2 d4
16. exd4 cxd4 17. Bc1 Bb7 18. Bg5 Ba8 19. b4 axb4 20. Nxb4 Nxb4 21. Bxe7 Qxe7
22. Rxb4 Bxg2 23. Kxg2 Rfa8 24. Nxb6 Rxa3 25. Rb5 Qb7+ 26. Kg1 R8a5 27. Qb1 Qc6
28. Rxa5 Rxa5 29. Qb4 Rf5 30. Ra1 h5 31. Ra5 Bf8 32. c5 Bxc5 33. Qb5 Qf3 34.
Ra2 h4 35. gxh4 Rf4 0-1

[Event "Festival A"]
[Site "Formia ITA"]
[Date "1994.07.18"]
[Round "3"]
[White "Foisor, Ovidiu-Doru"]
[Black "Robovic, Saudin"]
[Result "1/2-1/2"]
[WhiteElo "2440"]
[BlackElo "2415"]
[PlyCount "37"]
[EventDate "1994.07.16"]

1. Nf3 d6 2. g3 e5 3. c4 Nf6 4. Nc3 Be7 5. d4 exd4 6. Nxd4 O-O 7. Bg2 c6 8. O-O
Re8 9. b3 Bf8 10. Bb2 Nbd7 11. Qc2 Nc5 12. Rad1 Qb6 13. Rd2 a5 14. a3 Bd7 15.
Rb1 Re5 16. Ba1 Rh5 17. e4 Bh3 18. Bh1 g6 19. Na4 1/2-1/2

[Event "Festival A"]
[Site "Formia ITA"]
[Date "1994.07.18"]
[Round "3"]
[White "Gazik, Igor"]
[Black "Loncar, Robert"]
[Result "1/2-1/2"]
[WhiteElo "2425"]
[BlackElo "2410"]
[PlyCount "103"]
[EventDate "1994.07.16"]

1. e4 c5 2. Nf3 d6 3. d4 cxd4 4. Nxd4 Nf6 5. Nc3 Nc6 6. Nde2 a6 7. g3 Bg4 8.
Bg2 Ne5 9. f4 Ng6 10. h3 Bd7 11. O-O e6 12. Be3 Be7 13. a4 O-O 14. a5 Qc7 15.
Bb6 Qb8 16. g4 Rc8 17. g5 Ne8 18. Na4 Bxa4 19. Rxa4 Bd8 20. f5 Nf8 21. Qd2
Bxb6+ 22. axb6 Rc5 23. Nf4 Qd8 24. fxe6 fxe6 25. Qf2 Qe7 26. h4 g6 27. Nd3 Rc6
28. e5 d5 29. Rf4 Ng7 30. Rf7 Qd8 31. Bh3 Qxb6 32. Re7 Re8 33. Rxe8 Nxe8 34.
Qxb6 Rxb6 35. Nf2 Ng7 36. Ng4 Nf5 37. Nf6+ Kf7 38. b3 Rb4 39. Bxf5 exf5 40. h5
gxh5 41. Rxf5 Kg6 42. Rf2 Ne6 43. Nxd5 Rg4+ 44. Kf1 Kxg5 45. Rf7 Rd4 46. c4 b5
47. Nc7 Nxc7 48. Rxc7 Rf4+ 49. Kg2 Re4 50. Ra7 bxc4 51. bxc4 Rxc4 52. Rxa6
1/2-1/2

[Event "Festival A"]
[Site "Formia ITA"]
[Date "1994.07.18"]
[Round "3"]
[White "Godena, Michele"]
[Black "Matkovic, Tonci"]
[Result "1-0"]
[WhiteElo "2485"]
[BlackElo "2255"]
[PlyCount "61"]
[EventDate "1994.07.16"]

1. e4 e5 2. Nf3 Nc6 3. Bb5 a6 4. Ba4 Nf6 5. O-O Be7 6. Re1 b5 7. Bb3 O-O 8. d4
d6 9. c3 Bg4 10. Be3 exd4 11. cxd4 Na5 12. Bc2 Nc4 13. Bc1 c5 14. b3 Nb6 15.
Bb2 cxd4 16. Nbd2 Nfd7 17. h3 Bh5 18. Qb1 d3 19. Bxd3 Bxf3 20. Nxf3 Bf6 21. e5
dxe5 22. Bxh7+ Kh8 23. Nxe5 Nxe5 24. Bxe5 g6 25. Bxg6 fxg6 26. Qxg6 Qe7 27.
Rad1 Qg7 28. Qh5+ Kg8 29. Rd4 Qh7 30. Rg4+ Kh8 31. Bxf6+ 1-0

[Event "Festival A"]
[Site "Formia ITA"]
[Date "1994.07.18"]
[Round "3"]
[White "Grosar, Aljosa"]
[Black "Giorgadze, Giorgi"]
[Result "1/2-1/2"]
[WhiteElo "2430"]
[BlackElo "2565"]
[PlyCount "28"]
[EventDate "1994.07.16"]

1. e4 e5 2. Nf3 Nc6 3. d4 exd4 4. Nxd4 Nf6 5. Nxc6 bxc6 6. e5 Qe7 7. Qe2 Nd5 8.
c4 Ba6 9. b3 Qh4 10. a3 Nf4 11. Qe4 Ng6 12. Qe3 c5 13. Bb2 Bb7 14. Nd2 Qf4
1/2-1/2

[Event "Festival A"]
[Site "Formia ITA"]
[Date "1994.07.18"]
[Round "3"]
[White "Imbrogno, Rinaldo"]
[Black "Vujovic, Milorad"]
[Result "1/2-1/2"]
[WhiteElo "1902"]
[BlackElo "2270"]
[PlyCount "32"]
[EventDate "1994.07.16"]

1. e4 c5 2. Nc3 Nc6 3. f4 g6 4. Nf3 Bg7 5. Bc4 e6 6. f5 Na5 7. fxe6 Nxc4 8.
exf7+ Kxf7 9. O-O Ke8 10. d3 Ne5 11. Bg5 Qb6 12. Nxe5 Bxe5 13. Qf3 Nf6 14. Nd5
Qc6 15. Nxf6+ Bxf6 16. Qxf6 Qxf6 1/2-1/2

[Event "Festival A"]
[Site "Formia ITA"]
[Date "1994.07.18"]
[Round "3"]
[White "Isonzo, David"]
[Black "Canelli, Daniele"]
[Result "1-0"]
[WhiteElo "2124"]
[BlackElo "1938"]
[PlyCount "89"]
[EventDate "1994.07.16"]

1. Nf3 d5 2. g3 c5 3. Bg2 Nc6 4. O-O Nf6 5. d3 e5 6. Bg5 Be7 7. Nfd2 O-O 8. Nc3
Be6 9. e4 d4 10. Bxf6 Bxf6 11. Nd5 g6 12. c4 Bg7 13. a3 Qd7 14. Rb1 Rab8 15. b4
b6 16. Qa4 f6 17. Qxc6 Qxc6 18. Ne7+ Kh8 19. Nxc6 Rbc8 20. b5 a6 21. Ne7 Ra8
22. bxa6 Rxa6 23. Rb3 Bh6 24. Nb1 Bg4 25. Nd5 Kg8 26. f3 Bd7 27. f4 exf4 28.
Nxf4 Rb8 29. Nd5 Ba4 30. Rb2 b5 31. Nxf6+ Kg7 32. Nd7 Be3+ 33. Kh1 Rc8 34. cxb5
Rd6 35. Ne5 Rb8 36. Nc4 Rd7 37. b6 Rf7 38. Rxf7+ Kxf7 39. e5 Ke7 40. b7 Ke6 41.
Rb6+ Ke7 42. Bf3 Kd7 43. Nbd2 Bxd2 44. Nxd2 Kc7 45. Rf6 1-0

[Event "Festival A"]
[Site "Formia ITA"]
[Date "1994.07.18"]
[Round "3"]
[White "Kovacevic, Slobodan"]
[Black "Bartolini, Tommaso"]
[Result "1-0"]
[WhiteElo "2380"]
[BlackElo "2090"]
[PlyCount "91"]
[EventDate "1994.07.16"]

1. d4 Nf6 2. Nf3 g6 3. c3 Bg7 4. Bg5 d5 5. Nbd2 c6 6. e3 O-O 7. Be2 Nbd7 8. O-O
Re8 9. h3 e5 10. b4 e4 11. Nh2 Nf8 12. Nb3 Ne6 13. Bh4 Bf8 14. a3 Be7 15. c4
Ng7 16. Bg5 h5 17. cxd5 Nxd5 18. Bxe7 Qxe7 19. Qd2 Qg5 20. Kh1 Qh4 21. Bc4 g5
22. Rfc1 g4 23. g3 Qf6 24. h4 Nf5 25. Kg1 Nd6 26. Bf1 a6 27. a4 Be6 28. Rab1
Rec8 29. Bg2 Qg6 30. Nf1 Kg7 31. Nc5 f5 32. Qe2 Qe8 33. Nd2 Bf7 34. Bf1 Bg8 35.
Qe1 Bf7 36. Nc4 Nxc4 37. Bxc4 Bg8 38. Nxb7 Qd7 39. Na5 Qd6 40. Rb2 Qc7 41. Qe2
Nxb4 42. Rxb4 Qxa5 43. Qd2 Qd8 44. Bxg8 Kxg8 45. Rc5 Qd7 46. Qc3 1-0

[Event "Festival A"]
[Site "Formia ITA"]
[Date "1994.07.18"]
[Round "3"]
[White "Langeweg, Kick"]
[Black "Blancke, Stefan"]
[Result "1-0"]
[WhiteElo "2390"]
[BlackElo "2275"]
[PlyCount "77"]
[EventDate "1994.07.16"]

1. d4 d5 2. c4 e6 3. Nf3 c5 4. cxd5 exd5 5. g3 Nc6 6. Bg2 Nf6 7. O-O Be7 8. Nc3
O-O 9. dxc5 Bxc5 10. Bg5 d4 11. Ne4 Be7 12. Bxf6 Bxf6 13. Ne1 Re8 14. Nd3 Bg4
15. Rc1 Rc8 16. Re1 Bg5 17. Nxg5 Qxg5 18. Rc5 Qe7 19. Qa4 Qd6 20. Rd5 Qh6 21.
Qd1 Re7 22. Bf3 Bxf3 23. exf3 Rxe1+ 24. Qxe1 Qf6 25. Qe4 Rd8 26. Rd7 g6 27.
Rxb7 Kg7 28. b4 a5 29. bxa5 Nxa5 30. Rc7 Rd6 31. f4 Rc6 32. Rd7 Nc4 33. Qd5 Rd6
34. Rxd6 Nxd6 35. Ne5 Nf5 36. a4 h5 37. a5 Nh6 38. Qxd4 Kh7 39. Qd5 1-0

[Event "Festival A"]
[Site "Formia ITA"]
[Date "1994.07.18"]
[Round "3"]
[White "Loeffler, Stefan"]
[Black "Nurkic, Sahbaz"]
[Result "1/2-1/2"]
[WhiteElo "2420"]
[BlackElo "2415"]
[PlyCount "127"]
[EventDate "1994.07.16"]

1. c4 e5 2. g3 Nf6 3. Bg2 Nc6 4. Nc3 g6 5. Rb1 Bg7 6. b4 O-O 7. b5 Nd4 8. e3
Re8 9. d3 Nf5 10. Nge2 c6 11. e4 Ne7 12. O-O d5 13. bxc6 bxc6 14. exd5 cxd5 15.
Bg5 Be6 16. d4 e4 17. cxd5 Bxd5 18. Qa4 Rc8 19. Qxa7 Bc4 20. Rfc1 Bd3 21. Ra1
Nc6 22. Qa4 h6 23. Be3 Nd7 24. Nd5 Bxe2 25. Rxc6 Ra8 26. Qb4 Rb8 27. Qd2 Bd3
28. Rac1 Ne5 29. dxe5 Qxd5 30. Bxh6 Bxe5 31. h4 Qd7 32. Bxe4 Bxg3 33. Qxd3
Bxf2+ 34. Kxf2 Qg4 35. Bd5 Qxh4+ 36. Kf1 Kh7 37. Bd2 Re5 38. Kg1 Rd8 39. Qf3
Rf5 40. Qh1 Qxh1+ 41. Bxh1 Rxd2 42. R6c2 Rg5+ 43. Kf1 Rf5+ 44. Ke1 Rd6 45. Rh2+
Kg7 46. Be4 Re6 47. Re2 Ra5 48. Rcc2 f5 49. Bc6 Rxe2+ 50. Kxe2 Ra3 51. Bd5 g5
52. Rc6 Rh3 53. a4 Ra3 54. Ra6 g4 55. Be6 Kg6 56. Bd7+ Kg5 57. Ra5 Ra2+ 58. Ke3
Ra3+ 59. Kd4 Rf3 60. Rb5 g3 61. Bxf5 Rxf5 62. Ke3 g2 63. Rxf5+ Kxf5 64. Kf2
1/2-1/2

[Event "Festival A"]
[Site "Formia ITA"]
[Date "1994.07.18"]
[Round "3"]
[White "Manca, Federico"]
[Black "Naumkin, Igor"]
[Result "1/2-1/2"]
[WhiteElo "2375"]
[BlackElo "2475"]
[PlyCount "90"]
[EventDate "1994.07.16"]

1. e4 e6 2. d4 d5 3. Nc3 Bb4 4. e5 c5 5. a3 Bxc3+ 6. bxc3 Ne7 7. Nf3 Qa5 8. Qd2
Nbc6 9. a4 Bd7 10. Bb5 f6 11. Ba3 fxe5 12. dxe5 a6 13. Be2 O-O 14. O-O Rac8 15.
Rfb1 Nd8 16. Nd4 Bxa4 17. Bg4 Bd7 18. Nb3 Qc7 19. Nxc5 Rf7 20. c4 d4 21. Ne4
Qxc4 22. Bxe7 Rxe7 23. Nd6 Qxc2 24. Qg5 Nc6 25. Rc1 Qb2 26. Rab1 Qa2 27. Nxc8
Bxc8 28. Bf3 Rf7 29. Ra1 Qb2 30. Rab1 Qa2 31. h4 h5 32. Qg6 Rf8 33. Qg3 Ne7 34.
Be4 Nf5 35. Bxf5 exf5 36. Qg6 Qf7 37. Qd6 f4 38. Rc7 Qf5 39. Rbc1 f3 40. Qe7
Qg4 41. g3 Be6 42. Rxb7 Rf7 43. Qe8+ Rf8 44. Qe7 Rf7 45. Qe8+ Rf8 1/2-1/2

[Event "Festival A"]
[Site "Formia ITA"]
[Date "1994.07.18"]
[Round "3"]
[White "Mola, Pietro"]
[Black "Nannelli, Paolo"]
[Result "1-0"]
[WhiteElo "2175"]
[BlackElo "1992"]
[PlyCount "67"]
[EventDate "1994.07.16"]

1. e4 c6 2. c4 e5 3. Nf3 Nf6 4. Nc3 Bb4 5. Qc2 O-O 6. a3 Ba5 7. b4 Bc7 8. Be2
d6 9. d4 Nbd7 10. dxe5 dxe5 11. O-O Bd6 12. Rd1 Qc7 13. c5 Be7 14. Nd2 b6 15.
cxb6 axb6 16. Bb2 Qb8 17. Nc4 Bb7 18. Rd2 Rc8 19. Rad1 Nf8 20. Nxb6 Ne6 21.
Nxc8 Qxc8 22. Na4 Qc7 23. Nc5 Bxc5 24. bxc5 h6 25. Bc4 Nxc5 26. Bxf7+ Qxf7 27.
Qxc5 Nxe4 28. Rd8+ Kh7 29. Qc2 Qf4 30. Rxa8 Bxa8 31. f3 Qe3+ 32. Kh1 c5 33.
fxe4 Bxe4 34. Qd2 1-0

[Event "Festival A"]
[Site "Formia ITA"]
[Date "1994.07.18"]
[Round "3"]
[White "Ortega, Lexy"]
[Black "Malaniuk, Vladimir P."]
[Result "0-1"]
[WhiteElo "2450"]
[BlackElo "2610"]
[PlyCount "80"]
[EventDate "1994.07.16"]

1. d4 f5 2. Nc3 Nf6 3. Bg5 d5 4. Bxf6 exf6 5. e3 Be6 6. Bd3 Nc6 7. Qf3 Qd7 8.
Nge2 Nb4 9. Nf4 Bf7 10. h4 h5 11. O-O-O Nxd3+ 12. Nxd3 g6 13. Kb1 O-O-O 14. Ne2
Kb8 15. Nef4 Be7 16. Qe2 Bd6 17. Rc1 Qe7 18. Qd2 b6 19. b4 Kb7 20. Ka1 Ra8 21.
Rb1 Qe8 22. Rb3 a5 23. Rhb1 axb4 24. Nxb4 Qa4 25. c3 Ra5 26. Nfd3 Rha8 27. R1b2
Kc8 28. Nf4 Kd7 29. Kb1 Qb5 30. Qd3 Qc4 31. Qd1 Ke7 32. Rd2 Kf8 33. g3 Kg7 34.
Qe2 Rxa2 35. Qxc4 Ra1+ 36. Kc2 dxc4 37. Rb2 g5 38. hxg5 fxg5 39. Ne2 f4 40.
exf4 Bg6+ 0-1

[Event "Festival A"]
[Site "Formia ITA"]
[Date "1994.07.18"]
[Round "3"]
[White "Pagnoncelli, Marco"]
[Black "Konopka, Michal"]
[Result "0-1"]
[WhiteElo "1900"]
[BlackElo "2455"]
[PlyCount "64"]
[EventDate "1994.07.16"]

1. e4 Nf6 2. Nc3 d6 3. d4 g6 4. f4 Bg7 5. Nf3 c5 6. dxc5 Qa5 7. Bd2 Qxc5 8.
Bb5+ Nc6 9. Qe2 O-O 10. O-O-O Bg4 11. Na4 Qh5 12. Bxc6 bxc6 13. h3 Bxf3 14.
gxf3 Rab8 15. b3 d5 16. Rde1 Qh4 17. f5 Rfd8 18. e5 Nh5 19. e6 Ng3 20. exf7+
Kf8 21. Qf2 Qf6 22. Bc3 Nxh1 23. Qxa7 Qxf7 24. Bxg7+ Qxg7 25. Nc5 Ra8 26. Ne6+
Kg8 27. Qe3 Qf6 28. fxg6 Rxa2 29. Kd2 Qxg6 30. Rg1 Ng3 31. Qc3 Rd6 32. f4 Ne4+
0-1

[Event "Festival A"]
[Site "Formia ITA"]
[Date "1994.07.18"]
[Round "3"]
[White "Palac, Mladen"]
[Black "Iashvili, Akaki"]
[Result "1-0"]
[WhiteElo "2495"]
[BlackElo "2425"]
[PlyCount "71"]
[EventDate "1994.07.16"]

1. e4 Nf6 2. e5 Nd5 3. d4 d6 4. Nf3 g6 5. Bc4 Nb6 6. Bb3 Bg7 7. O-O O-O 8. h3
Nc6 9. Qe2 dxe5 10. dxe5 Nd4 11. Nxd4 Qxd4 12. Re1 Be6 13. Nd2 c5 14. Bxe6 fxe6
15. Nf3 Qd5 16. b3 Nd7 17. Bg5 Nxe5 18. Nxe5 Rf5 19. Nf3 Bxa1 20. c4 Qxf3 21.
Qxe6+ Kh8 22. gxf3 Rxg5+ 23. Kf1 Bf6 24. Qd7 b6 25. Rd1 Rf5 26. Rd5 Rxf3 27.
Rxc5 bxc5 28. Qb7 Rf8 29. Qxf3 Kg7 30. Qb7 Bd4 31. Qxa7 Rxf2+ 32. Ke1 Kf6 33.
b4 e5 34. bxc5 e4 35. Qc7 Be3 36. c6 1-0

[Event "Festival A"]
[Site "Formia ITA"]
[Date "1994.07.18"]
[Round "3"]
[White "Ragozin, Evgeni"]
[Black "Bacrot, Etienne"]
[Result "1-0"]
[WhiteElo "2510"]
[BlackElo "2300"]
[PlyCount "81"]
[EventDate "1994.07.16"]

1. c4 e6 2. Nc3 d5 3. d4 c6 4. Bf4 dxc4 5. e3 b5 6. a4 Nf6 7. Bg5 Bb4 8. Be2
Qa5 9. Bxf6 Bxc3+ 10. bxc3 Qxc3+ 11. Kf1 gxf6 12. axb5 Bb7 13. Rb1 a6 14. bxc6
Bxc6 15. Nf3 Rg8 16. Ne1 Bb5 17. d5 Nd7 18. dxe6 fxe6 19. Nf3 Ke7 20. Nd4 Rab8
21. Rc1 Qa3 22. h4 Ne5 23. Ra1 Qc5 24. Qc2 f5 25. Qc3 Qd5 26. f3 Nd3 27. h5 Qd6
28. f4 Qb4 29. Qc2 Ba4 30. Qa2 Qb2 31. Qxa4 Qxe2+ 32. Nxe2 Rb2 33. Qa3+ Kf7 34.
Qc3 Rxg2 35. Kxg2 Rxe2+ 36. Kf1 Rf2+ 37. Kg1 Rf3 38. Rxa6 Rg3+ 39. Kf1 Rf3+ 40.
Kg2 Rf2+ 41. Kg3 1-0

[Event "Festival A"]
[Site "Formia ITA"]
[Date "1994.07.18"]
[Round "3"]
[White "Scacco, Mauro"]
[Black "Accardo, Francesco"]
[Result "1/2-1/2"]
[WhiteElo "1998"]
[BlackElo "1991"]
[PlyCount "136"]
[EventDate "1994.07.16"]

1. Nf3 b5 2. g3 Bb7 3. Bg2 c5 4. O-O e6 5. d3 d5 6. Nbd2 Nf6 7. Re1 Be7 8. c3
Nc6 9. e4 d4 10. cxd4 cxd4 11. Qb3 a6 12. a4 Nd7 13. axb5 Nc5 14. bxc6 Nxb3 15.
Nxb3 Bxc6 16. Nfxd4 Bb5 17. e5 Rc8 18. Nxb5 axb5 19. Bb7 O-O 20. Bxc8 Qxc8 21.
Be3 Qc2 22. Nd4 Qxd3 23. Nc6 Qd7 24. Rec1 Bd8 25. Bc5 Qxc6 26. Bxf8 Qb7 27. Bc5
Bg5 28. Ra7 Qxa7 29. Be3 Qb7 30. Bxg5 h6 31. Bd8 Qd7 32. Ba5 Qd4 33. Bc3 Qc4
34. Rd1 Kh7 35. Rd4 Qc5 36. Rb4 g5 37. h4 Kg6 38. Kg2 h5 39. hxg5 Kxg5 40. Rf4
Kg6 41. Rf6+ Kg7 42. Rf4 Qd5+ 43. Kh2 Kg6 44. Rf6+ Kg7 45. Rf4 Kf8 46. Kg1 Kg7
47. Kh2 Qc5 48. Bb4 Qc1 49. Bc3 Qf1 50. Bd4 b4 51. Bc5 b3 52. Bd4 Qd3 53. Kh3
Qd1 54. Kh2 Qd2 55. Kh3 Qe2 56. Kh2 f6 57. exf6+ Kf7 58. Bc3 e5 59. Rf5 e4 60.
Kg2 h4 61. Rf4 hxg3 62. Kxg3 Qd3+ 63. f3 Qxc3 64. bxc3 b2 65. fxe4 b1=Q 66. Kg4
Qg1+ 67. Kf5 Qg6+ 68. Ke5 Qg3 1/2-1/2

[Event "Festival A"]
[Site "Formia ITA"]
[Date "1994.07.18"]
[Round "3"]
[White "Schmidt-Wilke, Jens"]
[Black "Bevilacqua, Roberto"]
[Result "1/2-1/2"]
[WhiteElo "2085"]
[BlackElo "2054"]
[PlyCount "93"]
[EventDate "1994.07.16"]

1. e4 c6 2. d4 d5 3. e5 Bf5 4. h4 h5 5. Ne2 e6 6. Ng3 Bg6 7. Be2 Nd7 8. Bxh5
Bxh5 9. Nxh5 g6 10. Nf4 Rxh4 11. O-O Ne7 12. g3 Rh8 13. Nd2 Nf5 14. Nf3 Qe7 15.
a4 Bh6 16. Kg2 O-O-O 17. Rh1 Bg7 18. Nh3 Bh6 19. Nfg5 Rdg8 20. g4 Ng7 21. b3 f5
22. exf6 Qxf6 23. f4 Ne8 24. Re1 Nc7 25. Nf3 Bf8 26. Nhg5 Bb4 27. Re2 Bd6 28.
Ne5 Rf8 29. Qd3 Bxe5 30. dxe5 Qg7 31. Qg3 Re8 32. Be3 Kb8 33. c3 Qe7 34. Qf2 a6
35. b4 Ref8 36. Bd4 Rh6 37. Rh1 Rxh1 38. Kxh1 Rh8+ 39. Kg1 Qg7 40. Qg2 Qe7 41.
Qf2 Qg7 42. Re3 Qe7 43. Rg3 a5 44. Ba7+ Kc8 45. Qd4 Rh4 46. Nf3 Rh8 47. Ng5
1/2-1/2

[Event "Festival A"]
[Site "Formia ITA"]
[Date "1994.07.18"]
[Round "3"]
[White "Serebrjanik, Alexander"]
[Black "Zlochevskij, Alexander"]
[Result "1-0"]
[WhiteElo "2420"]
[BlackElo "2505"]
[PlyCount "81"]
[EventDate "1994.07.16"]

1. c4 e6 2. Nc3 Bb4 3. Qc2 d5 4. cxd5 exd5 5. a3 Bxc3 6. bxc3 Nf6 7. Nf3 Bg4 8.
e3 O-O 9. Be2 c5 10. d3 Nc6 11. O-O Re8 12. c4 Qe7 13. cxd5 Nxd5 14. Bb2 Rac8
15. Qc4 Be6 16. Qa4 Bd7 17. Qb3 Be6 18. Qc2 Bg4 19. h3 Bh5 20. Qc4 Rcd8 21.
Rac1 b6 22. Rfe1 Na5 23. Qa4 f6 24. Qh4 Bg6 25. Bf1 Kh8 26. Rcd1 Rc8 27. Nd2
Red8 28. e4 f5 29. Qg3 fxe4 30. dxe4 Nf6 31. e5 Nd5 32. Nf3 c4 33. Bc1 Bc2 34.
Bg5 Qe8 35. Rd2 Bf5 36. Bxd8 Rxd8 37. e6 c3 38. Rd4 Nb3 39. e7 Rd7 40. Bb5 Nxd4
41. Nxd4 1-0

[Event "Festival A"]
[Site "Formia ITA"]
[Date "1994.07.18"]
[Round "3"]
[White "Siraco, Maurizio"]
[Black "Cialdea, Alberto"]
[Result "1-0"]
[WhiteElo "2082"]
[BlackElo "1900"]
[PlyCount "79"]
[EventDate "1994.07.16"]

1. e4 Nf6 2. e5 Nd5 3. d4 d6 4. Nf3 g6 5. Bc4 Nb6 6. Bb3 Bg7 7. O-O O-O 8. Bf4
Nc6 9. h3 Na5 10. Nc3 Nxb3 11. axb3 Bf5 12. exd6 cxd6 13. Qd2 Re8 14. Bh6 Bh8
15. g4 Bd7 16. Rfe1 e5 17. d5 f5 18. gxf5 Bxf5 19. Ng5 Qd7 20. Re3 a6 21. Nce4
Rad8 22. Kh2 Nc8 23. Rg1 Bg7 24. Bxg7 Kxg7 25. Ng3 Ne7 26. Rc3 Rc8 27. Nxf5+
Nxf5 28. Ne6+ Kh8 29. Rf3 Rg8 30. c3 Qe7 31. c4 Qe8 32. Qg5 Qd7 33. Rxf5 h6 34.
Qxh6+ Qh7 35. Qxh7+ Kxh7 36. Rf7+ Kh8 37. Rg4 g5 38. Nxg5 Rg6 39. Rh4+ Kg8 40.
Rf5 1-0

[Event "Festival A"]
[Site "Formia ITA"]
[Date "1994.07.18"]
[Round "3"]
[White "Sulava, Nenad"]
[Black "Lanzani, Mario"]
[Result "1-0"]
[WhiteElo "2410"]
[BlackElo "2320"]
[PlyCount "55"]
[EventDate "1994.07.16"]

1. d4 d5 2. c4 c6 3. Nf3 e6 4. g3 dxc4 5. Bg2 b5 6. a4 Bb7 7. O-O Nd7 8. e4
Ngf6 9. Qc2 Be7 10. Nc3 b4 11. e5 bxc3 12. exf6 Nxf6 13. Qxc3 c5 14. dxc5 Bd5
15. Ne5 Rc8 16. Be3 Bxc5 17. Bxd5 exd5 18. Bxc5 Rxc5 19. Nd3 Rc6 20. Rfe1+ Re6
21. Nf4 Rxe1+ 22. Rxe1+ Kf8 23. Qd4 Qb6 24. Qe5 Qd8 25. Nxd5 Nxd5 26. Rd1 Qe7
27. Qxd5 g6 28. Qd8+ 1-0

[Event "Festival A"]
[Site "Formia ITA"]
[Date "1994.07.18"]
[Round "3"]
[White "Tribuiani, Renato"]
[Black "Picardi, Angelo"]
[Result "1-0"]
[WhiteElo "1996"]
[BlackElo "2123"]
[PlyCount "80"]
[EventDate "1994.07.16"]

1. e4 c5 2. Nc3 Nc6 3. Nf3 g6 4. Bc4 Bg7 5. O-O e6 6. Re1 d6 7. d3 Nge7 8. Bf4
a6 9. a4 O-O 10. h3 Nd4 11. Nxd4 cxd4 12. Ne2 d5 13. exd5 Nxd5 14. Bd2 Qd6 15.
Ng3 f5 16. Qf3 Bd7 17. Bxd5 Qxd5 18. Qxd5 exd5 19. b3 f4 20. Nf1 f3 21. g4 Rac8
22. Re7 Rf7 23. Rxf7 Kxf7 24. Rc1 h5 25. Nh2 hxg4 26. hxg4 Rh8 27. g5 Rh3 28.
Bf4 Bf8 29. Bg3 Rh5 30. Nxf3 Bg7 31. Re1 Bg4 32. Ne5+ Bxe5 33. Rxe5 Bf3 34. Bh2
Rh8 35. Re1 Rc8 36. Be5 Rxc2 37. Bxd4 Rd2 38. Re3 Bd1 39. Bf6 Bxb3 40. a5 Rd1+
1-0

[Event "Festival A"]
[Site "Formia ITA"]
[Date "1994.07.19"]
[Round "4"]
[White "Accardo, Francesco"]
[Black "Schmidt-Wilke, Jens"]
[Result "0-1"]
[WhiteElo "1991"]
[BlackElo "2085"]
[PlyCount "66"]
[EventDate "1994.07.16"]

1. e4 e6 2. d4 d5 3. Nc3 Bb4 4. e5 c5 5. a3 Bxc3+ 6. bxc3 Ne7 7. h4 Nbc6 8. h5
Qa5 9. Bd2 cxd4 10. cxd4 Qa4 11. c3 Qxd1+ 12. Rxd1 h6 13. Bd3 Bd7 14. Rb1 b6
15. Ne2 Na5 16. g4 Rc8 17. f4 Nc4 18. g5 Nf5 19. Bxf5 exf5 20. Bc1 Ke7 21. Rh3
Ba4 22. Ng3 Ke6 23. Rh2 Nxa3 24. Bxa3 Rxc3 25. Nxf5 Kxf5 26. Bc1 Rhc8 27. Bd2
Rd3 28. g6 fxg6 29. Rb4 Bb3 30. Rg2 Rc2 31. Rxg6 Rdxd2 32. Rxb3 Rh2 33. Kd1 Ra2
0-1

[Event "Festival A"]
[Site "Formia ITA"]
[Date "1994.07.19"]
[Round "4"]
[White "Bartolini, Tommaso"]
[Black "Mola, Pietro"]
[Result "1/2-1/2"]
[WhiteElo "2090"]
[BlackElo "2175"]
[PlyCount "28"]
[EventDate "1994.07.16"]

1. d4 Nf6 2. Bg5 e6 3. e4 h6 4. Bxf6 Qxf6 5. Nf3 Qd8 6. Nc3 d5 7. Qd2 Bb4 8.
Bd3 dxe4 9. Bxe4 Nd7 10. a3 Bxc3 11. Qxc3 Nf6 12. Bd3 O-O 13. Qd2 b6 14. Ne5
Bb7 1/2-1/2

[Event "Festival A"]
[Site "Formia ITA"]
[Date "1994.07.19"]
[Round "4"]
[White "Blancke, Stefan"]
[Black "Isonzo, David"]
[Result "1/2-1/2"]
[WhiteElo "2275"]
[BlackElo "2124"]
[PlyCount "91"]
[EventDate "1994.07.16"]

1. d4 Nf6 2. c4 g6 3. Nc3 Bg7 4. Nf3 d6 5. g3 O-O 6. Bg2 c6 7. O-O Nbd7 8. e4
e5 9. h3 Qb6 10. c5 dxc5 11. dxe5 Ne8 12. e6 fxe6 13. Ng5 Ne5 14. Na4 Qb4 15.
f4 Nf7 16. Nxf7 Qd4+ 17. Kh2 Rxf7 18. Qc2 b6 19. Rd1 Qf6 20. e5 Qe7 21. Bxc6
Rb8 22. h4 Bb7 23. Rd7 Qf8 24. Rxb7 Rbxb7 25. Bxb7 Rxb7 26. Be3 Rd7 27. Nc3 Nc7
28. Qa4 Qd8 29. Qc6 Qc8 30. Qf3 Nd5 31. Ne4 Qd8 32. Bf2 Nc7 33. Re1 Rd3 34. Qg4
Qf8 35. Qe2 Rd5 36. a4 a5 37. Nd6 Qa8 38. Nc4 Qc6 39. b3 b5 40. Ne3 Rd8 41. Rd1
Rxd1 42. Qxd1 bxa4 43. Qd8+ Ne8 44. Nc4 Bf8 45. Nxa5 Qf3 46. Qxe8 1/2-1/2